000 00358nam a2200157 4500
008 170223s2011||||xo d
100 1 _aMurphy Joseph
_9207
245 1 0 _aMoc nášho podvedomia
300 _a271 s.
250 _a1. vydanie
260 _bAktuell
_c2011
020 _a80-88733-86-3
_c0
041 1 _aslo
044 _axo
_cSK
958 _aAPR
999 _c21337
_d21337